| 000 | 00491nam a2200169Ia 4500 | ||
|---|---|---|---|
| 008 | 090201s9999 xx 000 0 und d | ||
| 010 | _aKPL-15505 | ||
| 040 | _bमराठी | ||
| 041 | _aमराठी | ||
| 082 |
_a37556 _b15505 |
||
| 100 | _aग रा पाठक | ||
| 245 |
_aचंद्रसेना _cग रा पाठक |
||
| 260 |
_c2004 _bअभय साहित्य |
||
| 300 |
_a168 _bमोठा |
||
| 600 | _aचंद्रसेना | ||
| 942 | _cBOOK | ||
| 999 |
_c235273 _d235273 |
||